MARC

Tag First Indicator Second Indicator Subfields
LEADER 00000cam a2200000Ia 4500
001 in00002789286
005 20151203084444.0
008 130308s1991 sp 000 d cat d
020 |a 8431628596  |z 8431628594 
020 |a 9788431628598 
035 |a (OCoLC)ocn833442629 
040 |a TXA  |c TXA  |d UtOrBLW 
041 1 |a cat  |h eng 
043 |a e------  |a ff-----  |a aw----- 
049 |a TXAM 
050 1 4 |a PR2795.C382  |b T58 1991 
050 4 |a PR2795.C32  |b T56 1991 
100 1 |a Shakespeare, William,  |d 1564-1616. 
240 1 0 |a Titus Andronicus.  |l Catalan 
245 1 0 |a Titus Andrònic /  |c William Shakespeare ; pròleg, traducció i notes de Salvador Oliva. 
250 |a 1a ed. 
264 1 |a Barcelona :  |b TV3 Televisió de Catalunya :  |b Editorial Vicens-Vives,  |c 1991. 
300 |a 117 pages ;  |c 21 cm. 
336 |a text  |b txt  |2 rdacontent 
337 |a unmediated  |b n  |2 rdamedia 
338 |a volume  |b nc  |2 rdacarrier 
490 1 |a Obra dramàtica completa de William Shakespeare ;  |v 33 
500 |a ISBN given as 8431628594 on title page verso; as 8431628596 on label affixed to cover page 4. 
651 0 |a Rome  |x History  |y Germanic Invasions, 3rd-6th centuries  |v Drama. 
650 0 |a Andronicus, Titus (Legendary character)  |v Drama. 
650 0 |a Goths  |v Drama. 
650 0 |a Generals  |v Drama. 
700 1 |a Oliva, Salvador. 
800 1 |a Shakespeare, William,  |d 1564-1616.  |t Plays.  |l Catalan ;  |v 33. 
948 |a cataloged  |b h  |c 2013/3/29  |d o  |e jmarner  |f 5:31:28 pm 
994 |a C0  |b TXA 
999 |a MARS 
999 f f |s 92900230-b427-3299-8815-a3a2e0a44a2e  |i 64947ff5-a282-3955-b3ef-8f0a4f602516  |t 0 
952 f f |p normal  |a Texas A&M University  |b College Station  |c Sterling C. Evans Library  |d Evans: Library Stacks  |t 0  |e PR2795.C32 T56 1991  |h Library of Congress classification  |i unmediated -- volume  |m A14841658259 
998 f f |a PR2795.C32 T56 1991  |t 0  |l Evans: Library Stacks